Państwa według połowicznych obrazów - Statystyki

Ogólne statystyki
  • Ten quiz został rozwiązany 82 razy
  • Średni wynik to 19 z 24
Statystyki odpowiedzi
Obrazkowy Odpowiedź % Poprawnych
Francja
99%
Stany Zjednoczone
99%
Brazylia
97%
Korea Południowa
97%
Włochy
97%
Korea Północna
96%
Japonia
95%
Rosja
95%
Chiny
92%
Indie
89%
Macedonia Północna
89%
Wielka Brytania
87%
Australia
84%
Kuba
80%
Republika Południowej Afryki
78%
Madagaskar
75%
Hiszpania
67%
Nowa Zelandia
67%
Holandia
66%
Kiribati
61%
Belize
57%
Burundi
57%
Meksyk
56%
Ekwador
38%
Nie znaleziono quizów pasujących do podanych kryteriów
Rozkład punktacji
Procent ludzi z każdym wynikiem
Percentyl według liczby udzielonych odpowiedzi
Twoja historia wyników
Nie rozwiązałeś tego quizu